000 00560nam a2200181 i 4500
001 26827
003 ES-MaACL
005 20250819165352.0
007 t|
008 030110s1940 sp ||||1| spa d
100 1 _aArrese, José Luis de.
_923263
245 1 3 _aLa revolución social del Nacional-Sindicalismo /
_cJosé Luis de Arrese.
260 _aMadrid :
_bEditora Nacional,
_c1940 (
_fGráficas Uguina)
300 _a234 p. ;
_c23 cm.
650 7 _aNacionalsindicalismo
_2embne
_9158045
852 _aES-MaACL
_jA-5293
_bR.18383
999 _c26827
_d26827